000 00334nam a22001217a 4500
008 150420b xxu||||| |||| 00| 0 eng d
020 _a9780071752916
020 _a0071752919
041 0 _aeng
080 _a004.16
245 1 4 _aThe healthy PC :
_cGuy Hart-Davis.
942 _2udc
_cBK
999 _c712
_d712